| 000 | 00519cam a2200205ua 4500 | ||
|---|---|---|---|
| 001 | 9619 | ||
| 005 | 20260515114511.0 | ||
| 008 | 160310n ii |||gr||||Z||||||asm | ||
| 020 | _a9788173391416 | ||
| 040 | _cMAIN | ||
| 041 | _aasm | ||
| 082 | _a327 | ||
| 100 |
_aChakravarty, Dilip Kumar, _eAuthor. |
||
| 245 | 1 |
_aAntorastrio samparka _cby Dilip Kumar Chakravarty |
|
| 250 | _a5th rev. & enl. ed. | ||
| 260 |
_aDibrugarh: _bBanalata, _c2016. |
||
| 300 | _a462p. | ||
| 653 | _aInternational relations | ||
| 942 | _cBK | ||
| 999 |
_c8639 _d8639 |
||